Statistics for Fruits: No Vowels

Click here to take the quiz!

General Stats

  • This quiz has been taken 11,827 times
  • The average score is 17 of 20

Answer Stats

Hint Answer % Correct
BNNBanana
98%
KWKiwi
97%
GRPFRTGrapefruit
96%
PCHPeach
96%
WTRMLNWatermelon
96%
BLBRRBlueberry
95%
CCNTCoconut
94%
LMLime
93%
CRNBRRCranberry
91%
FGFig
91%
PLMPlum
91%
TNGRNTangerine
89%
MNGMango
88%
NCTRNNectarine
85%
RNGOrange
85%
KMQTKumquat
78%
GVGuava
77%
DTDate
73%
PRSMMNPersimmon
62%
TMRNDTamarind
57%

Score Distribution

Percentile by Number Answered

Percent of People with Each Score

Your Score History

You have not taken this quiz